000 00932cam a2200205 a 4500
001 000015076
005 20200929163940.0
008 751208s1945 ck 000 0dspa
040 _aDO-SdBNP
_bspa
_cBNPHU
082 _axx
_bR788f
100 1 _aRosa, José Nicolás de la
_dfl. 1739.
_934136
245 1 0 _aFloresta de la Santa iglesia catedral de la ciudad y provincia de Santa Marta.
260 _a[Barranquilla] :
_bBiblioteca departamental del Atlántico,
_c1945.
300 _a362 p. ;
_c21 cm.
490 0 _aBiblioteca de escritores costeños
_v1
500 _a"El alferez D. José Nicolás de la Rosa escribio la Floresta de la Santa iglesia catedral de Santa Marta en el año 1739, obra que ... [fue] publicada en 1742."-- p. [355]
610 2 0 _aCatholic Church.
_bDiocese of Santa Marta (Colombia)
_934137
651 0 _aMagdalena (Colombia : Dept.{Rpara}
_934138
830 0 _aBiblioteca de escritores costeños ;
_v1
_934139
999 _c14648
_d14648